[Event "2nd Sharjah Masters 2018"]
[Site "Sharjah UAE"]
[Date "2018.04.16"]
[Round "6.29"]
[White "El Jawich, Amro"]
[Black "Viani, Antonio Dcunha"]
[Result "1/2-1/2"]
[WhiteTitle "FM"]
[BlackTitle "IM"]
[WhiteElo "2254"]
[BlackElo "2435"]
[WhiteFideId "5300380"]
[BlackFideId "5027330"]
[EventDate "2018.04.12"]

1. e4 c6 2. d4 d5 3. Nc3 dxe4 4. Nxe4 Bf5 5. Ng3 Bg6 6. h4 h6 7. h5 Bh7 8. Nf3
Nf6 9. Bd3 Bxd3 10. Qxd3 e6 11. Bd2 Nbd7 12. O-O-O Bd6 13. Ne4 Nxe4 14. Qxe4 Nf6
15. Qe2 Qc7 16. Kb1 O-O-O 17. c4 c5 18. Bc3 cxd4 19. Nxd4 a6 20. Rh3 Rd7 21.
Rhd3 Rhd8 22. Nb3 Qc6 23. Ba5 Bc7 24. Rxd7 Rxd7 25. Rxd7 Qxd7 26. Bc3 e5 27. Qf3
Qg4 28. Qxg4+ Nxg4 29. f4 Nf6 30. fxe5 Nxh5 31. Nc5 Nf4 32. e6 fxe6 33. Bxg7 h5
34. g3 Nh3 35. Ne4 Kd7 36. Nf6+ Ke7 37. Nxh5 Kf7 38. Bc3 e5 39. g4 Nf2 40. Ng3
e4 41. Ne2 Nxg4 42. Bd4 Ke6 43. Kc2 Kf5 44. b4 Bf4 45. b5 e3 46. bxa6 bxa6 47.
c5 Bc7 48. Kd3 Ke6 49. Bxe3 Nxe3 50. Kxe3 Kd5 51. Kd3 Kxc5 52. Kc3 Ba5+ 53. Kb3
Be1 54. Nc3 Kd4 55. Na4 Ba5 56. Nb2 Be1 1/2-1/2

[Event "2nd Sharjah Masters 2018"]
[Site "Sharjah UAE"]
[Date "2018.04.16"]
[Round "6.30"]
[White "Maroroa, Sue"]
[Black "Tahbaz, Arash"]
[Result "1-0"]
[WhiteTitle "WIM"]
[BlackTitle "IM"]
[WhiteElo "2102"]
[BlackElo "2434"]
[WhiteFideId "4301498"]
[BlackFideId "12528846"]
[EventDate "2018.04.12"]

1. e4 g6 2. d4 Bg7 3. Nc3 d6 4. Be3 Nd7 5. Qd2 a6 6. h4 h5 7. Nh3 b5 8. Ng5 Bb7
9. O-O-O e6 10. f4 Ngf6 11. f5 gxf5 12. exf5 e5 13. Bd3 exd4 14. Bxd4 O-O 15.
Nce4 c5 16. Nxd6 Bd5 17. Bg1 Qb6 18. Nde4 Rfe8 19. Nc3 Bc6 20. Rh3 b4 21. Ne2
Ne5 22. Rg3 Re7 23. Nf4 Qa5 24. Kb1 Rd8 25. Qe2 Ng6 26. fxg6 Bd5 27. Qxe7 Rd7
28. gxf7+ Bxf7 29. Qxc5 Qxa2+ 30. Kc1 Qa1+ 31. Kd2 Qxb2 32. Qc8+ Be8 33. Re1
Qc3+ 34. Qxc3 bxc3+ 35. Kd1 1-0

[Event "2nd Sharjah Masters 2018"]
[Site "Sharjah UAE"]
[Date "2018.04.16"]
[Round "6.31"]
[White "Sindarov, Javokhir"]
[Black "Song, Yuxin"]
[Result "1-0"]
[WhiteTitle "IM"]
[BlackTitle "WCM"]
[WhiteElo "2431"]
[BlackElo "2075"]
[WhiteFideId "14205483"]
[BlackFideId "8614300"]
[EventDate "2018.04.12"]

1. Nf3 Nf6 2. g3 e6 3. Bg2 d5 4. O-O Be7 5. d3 c5 6. Nbd2 Nc6 7. e4 dxe4 8. dxe4
Qc7 9. Qe2 e5 10. c3 h6 11. Nc4 Be6 12. Nh4 O-O-O 13. Nf5 Ne8 14. Nce3 Bf6 15.
Nd5 Bxd5 16. exd5 Ne7 17. Nxe7+ Bxe7 18. Re1 Bd6 19. c4 f5 20. Qh5 Rf8 21. Bd2
Qf7 22. Qxf7 Rxf7 23. Bc3 e4 24. f3 exf3 25. Bxf3 Nf6 26. Re6 f4 27. gxf4 Bxf4
28. Rf1 Rd6 29. Bg2 Rxe6 30. dxe6 Be3+ 31. Kh1 Re7 32. Be5 h5 33. Bh3 Bd4 34.
Bd6 Re8 35. Rxf6 g5 36. Rf8 Rxf8 37. e7+ g4 38. exf8=Q+ Kd7 39. Qe7+ 1-0

[Event "2nd Sharjah Masters 2018"]
[Site "Sharjah UAE"]
[Date "2018.04.16"]
[Round "6.32"]
[White "Rajdeep, Sarkar"]
[Black "Priyanka, Nutakki"]
[Result "1-0"]
[WhiteTitle "FM"]
[WhiteElo "2393"]
[BlackElo "1957"]
[WhiteFideId "25007963"]
[BlackFideId "25049615"]
[EventDate "2018.04.12"]

1. Nf3 Nf6 2. d4 e6 3. c4 b6 4. g3 Bb7 5. Bg2 Be7 6. O-O O-O 7. Nc3 Ne4 8. Qc2
Nxc3 9. Qxc3 c5 10. Qc2 f5 11. b3 d6 12. Bb2 Nd7 13. Rad1 Qc7 14. Ne1 cxd4 15.
Bxd4 Nf6 16. Ba1 Rac8 17. Qb2 Ne8 18. Qd2 Nf6 19. Qe3 e5 20. Bxb7 Qxb7 21. Qd3
e4 22. Qd2 b5 23. cxb5 Qxb5 24. Ng2 Rc6 25. Nf4 Rfc8 26. Ne6 Qb7 27. Nd4 Rc5 28.
b4 Rd5 29. Qb2 a5 30. b5 a4 31. Qb4 Ra8 32. Rb1 Rc5 33. Nc6 Bf8 34. Bxf6 gxf6
35. Rfc1 Rxc1+ 36. Rxc1 d5 37. Qb2 Kg7 38. Nd4 Kg6 39. Rc6 Rb8 40. Qc3 Qe7 41.
Ne6 Rxb5 42. Nf4+ Kg5 43. h4+ Kg4 44. Kg2 1-0

[Event "2nd Sharjah Masters 2018"]
[Site "Sharjah UAE"]
[Date "2018.04.16"]
[Round "6.33"]
[White "Sidhant, Mohapatra"]
[Black "Krithigga, K"]
[Result "1-0"]
[WhiteTitle "IM"]
[WhiteElo "2382"]
[BlackElo "2003"]
[WhiteFideId "5028698"]
[BlackFideId "25013505"]
[EventDate "2018.04.12"]

1. Nf3 d5 2. e3 Nf6 3. c4 e6 4. b3 Be7 5. Bb2 O-O 6. Nc3 c5 7. cxd5 Nxd5 8. Nxd5
Qxd5 9. Bc4 Qd8 10. O-O Nd7 11. d4 cxd4 12. Nxd4 Nf6 13. Rc1 a6 14. Qf3 Qa5 15.
a4 Qh5 16. Rfd1 Qxf3 17. Nxf3 Nd7 18. Be2 Nc5 19. Ba3 b6 20. Nd4 Re8 21. b4 Ne4
22. Nc6 Bb7 23. Nxe7+ Rxe7 24. b5 Ree8 25. Rc7 Bd5 26. bxa6 h6 27. f3 Nf6 28. e4
Bb3 29. Rd4 e5 30. Rb4 Be6 31. Rxb6 Nh5 32. a7 Nf4 33. Bb5 Red8 34. Rd6 Bb3 35.
Rxd8+ Rxd8 36. Rd7 Rc8 37. Bc6 Be6 38. Rd2 1-0

[Event "2nd Sharjah Masters 2018"]
[Site "Sharjah UAE"]
[Date "2018.04.16"]
[Round "6.34"]
[White "Al Hosani, Omran"]
[Black "Assaubayeva, Bibisara"]
[Result "1-0"]
[WhiteTitle "FM"]
[BlackTitle "FM"]
[WhiteElo "2101"]
[BlackElo "2359"]
[WhiteFideId "9308733"]
[BlackFideId "13708694"]
[EventDate "2018.04.12"]

1. Nf3 Nf6 2. c4 c6 3. g3 d5 4. Bg2 Bf5 5. O-O e6 6. d4 h6 7. Nc3 Nbd7 8. Qb3
Qb6 9. c5 Qc7 10. Bf4 Qc8 11. a4 b6 12. cxb6 axb6 13. Rfc1 Qb7 14. Ne5 g5 15.
Nxd7 Nxd7 16. Bd2 Nf6 17. a5 b5 18. Na2 Bd6 19. Nb4 Bxb4 20. Bxb4 Ra6 21. Qc3
Kd7 22. Qc5 Kc8 23. Ra3 Ne8 24. e4 Bxe4 25. Bxe4 dxe4 26. d5 exd5 27. Qxd5 Nc7
28. Qxf7 Rd8 29. Qf5+ Kb8 30. Qxe4 Nd5 31. Bc5 Qd7 32. Re1 Kb7 33. b4 Nc7 34.
Qg6 Raa8 35. Rae3 Re8 36. Re7 Rxe7 37. Rxe7 Qd1+ 38. Kg2 Qd5+ 39. f3 Qd2+ 40.
Kh3 h5 41. a6+ Rxa6 42. Qd6 g4+ 43. fxg4 hxg4+ 44. Kxg4 1-0

[Event "2nd Sharjah Masters 2018"]
[Site "Sharjah UAE"]
[Date "2018.04.16"]
[Round "6.36"]
[White "Srija, Seshadri"]
[Black "Ahmed, Fareed"]
[Result "0-1"]
[WhiteTitle "WIM"]
[BlackTitle "FM"]
[WhiteElo "2264"]
[BlackElo "1989"]
[WhiteFideId "5055903"]
[BlackFideId "9303677"]
[EventDate "2018.04.12"]

1. e4 e6 2. d4 d5 3. Nd2 Nf6 4. e5 Nfd7 5. Bd3 c5 6. c3 Nc6 7. Ne2 cxd4 8. cxd4
f6 9. exf6 Nxf6 10. Nf3 Bd6 11. O-O Qc7 12. h3 O-O 13. Be3 Bd7 14. Re1 Rae8 15.
Rc1 Re7 16. Nc3 Qb8 17. Na4 Be8 18. Nc5 Bh5 19. g4 Nxg4 20. hxg4 Bxg4 21. Be2
Qe8 22. Ng5 Bxe2 23. Qxe2 Qg6 24. Qd3 Rf5 25. Qd2 Bxc5 26. Rxc5 h6 27. b4 hxg5
28. b5 Nd8 29. Rc8 Rf8 30. Rec1 Ree8 31. Kf1 g4 32. Qc2 Qh5 33. Ke1 g3 34. f4
Qf3 35. Qe2 Qe4 36. Kd2 Nf7 37. R8c7 Nd6 38. Qg4 Nf5 39. Bg1 Qg2+ 40. Kd3 Qxa2
41. Qg6 Qb3+ 42. Kd2 Qb4+ 43. R1c3 Re7 44. Rc5 Nd6 45. f5 Ne4+ 46. Kc2 Nxc3 47.
Rxc3 exf5 48. Be3 Qxb5 0-1

[Event "2nd Sharjah Masters 2018"]
[Site "Sharjah UAE"]
[Date "2018.04.16"]
[Round "6.37"]
[White "Zhu, Yilun"]
[Black "Kakulidis, Ellen"]
[Result "1-0"]
[BlackTitle "WCM"]
[WhiteElo "2195"]
[BlackElo "1975"]
[WhiteFideId "8609292"]
[BlackFideId "1444972"]
[EventDate "2018.04.12"]

1. Nf3 d5 2. c4 e6 3. g3 Nf6 4. Bg2 Be7 5. O-O O-O 6. b3 c5 7. Bb2 Nc6 8. e3 d4
9. exd4 cxd4 10. Re1 Qd6 11. Na3 e5 12. c5 Qb8 13. Nc4 Nd7 14. Nxd4 exd4 15.
Bxc6 Bxc5 16. Bg2 Nf6 17. Rc1 a5 18. Re5 b6 19. Bxa8 Qxa8 20. Qf1 Ng4 21. Rxc5
bxc5 22. Nb6 Qf3 23. Nxc8 Rxc8 24. Bxd4 Qd5 25. Qc4 Qh5 26. h4 Qf5 27. Be3 Ne5
28. Qf4 Nf3+ 29. Kg2 Qxf4 30. Bxf4 Nd4 31. Be3 Ne6 32. d4 a4 33. dxc5 axb3 34.
axb3 Rb8 35. Rc3 h6 36. c6 Kf8 37. b4 Ke7 38. Ba7 Rc8 39. b5 Kd6 40. Rd3+ 1-0

[Event "2nd Sharjah Masters 2018"]
[Site "Sharjah UAE"]
[Date "2018.04.16"]
[Round "6.38"]
[White "Abou El Zein, Eid Mahmoud"]
[Black "Salim, Mohammed Salim Al Amri"]
[Result "1-0"]
[WhiteTitle "IM"]
[BlackTitle "FM"]
[WhiteElo "2156"]
[BlackElo "1970"]
[WhiteFideId "10600078"]
[BlackFideId "22000089"]
[EventDate "2018.04.12"]

1. d4 Nf6 2. c4 c5 3. d5 e5 4. Nc3 d6 5. e4 Be7 6. h3 O-O 7. Nf3 h6 8. Bd3 Nh7
9. g4 Ng5 10. Nd2 Nh7 11. Nf1 Bg5 12. Ng3 Bxc1 13. Qxc1 a6 14. Nf5 Bxf5 15. exf5
Nd7 16. h4 e4 17. Be2 Re8 18. Qf4 Ne5 19. O-O-O Nd3+ 20. Bxd3 exd3 21. Rxd3 b5
22. Ne4 bxc4 23. Ra3 Re5 24. Nc3 Qe7 25. Qxc4 Nf6 26. g5 hxg5 27. hxg5 Re1+ 28.
Rxe1 Qxe1+ 29. Nd1 Ne4 30. Qc2 Nxg5 31. f4 Nh7 32. Qh2 Qe4 33. Rh3 Qxf5 34. Rh5
g5 35. fxg5 Qg6 36. Ne3 Re8 37. Ng4 Re1+ 38. Kd2 Nxg5 39. Qf4 Re4 40. Qxg5 Kg7
41. Rh7+ Kxh7 42. Nf6+ Kh8 43. Qxg6 Rd4+ 44. Qd3 1-0

[Event "2nd Sharjah Masters 2018"]
[Site "Sharjah UAE"]
[Date "2018.04.17"]
[Round "7.1"]
[White "Jones, Gawain C B"]
[Black "Maghsoodloo, Parham"]
[Result "0-1"]
[WhiteTitle "GM"]
[BlackTitle "GM"]
[WhiteElo "2675"]
[BlackElo "2615"]
[WhiteFideId "409561"]
[BlackFideId "12539929"]
[EventDate "2018.04.12"]

1. e4 c5 2. Nf3 Nc6 3. Bb5 e6 4. O-O Nge7 5. Re1 Nd4 6. Nxd4 cxd4 7. d3 a6 8.
Ba4 Nc6 9. Nd2 b5 10. Bb3 Bb7 11. f4 Qc7 12. Nf3 Rc8 13. Kh1 Bd6 14. Rf1 Bxf4
15. Bxf4 Qxf4 16. Nxd4 Qe5 17. Nxc6 dxc6 18. d4 Qxe4 19. Qh5 O-O 20. Qc5 Qh4 21.
Rf3 Rce8 22. Rg3 Qe7 23. Qh5 c5 24. dxc5 f5 25. a4 f4 26. Rh3 g6 27. Qg4 Qxc5
28. axb5 axb5 29. Bxe6+ Kg7 30. Qh4 h5 31. Rc3 Qb6 32. Bh3 f3 33. gxf3 Bxf3+ 34.
Rxf3 Rxf3 35. Bg2 Qf2 36. Qb4 Re2 37. Rg1 Rfe3 38. Qxb5 Re1 39. Bf1 Qf3+ 40. Bg2
Rxg1+ 41. Kxg1 Re1+ 42. Bf1 Rd1 43. h4 Qg3+ 44. Kh1 Rd2 45. Be2 Qe1+ 0-1

[Event "2nd Sharjah Masters 2018"]
[Site "Sharjah UAE"]
[Date "2018.04.17"]
[Round "7.2"]
[White "Sethuraman, S.P."]
[Black "Naiditsch, Arkadij"]
[Result "1-0"]
[WhiteTitle "GM"]
[BlackTitle "GM"]
[WhiteElo "2631"]
[BlackElo "2701"]
[WhiteFideId "5021596"]
[BlackFideId "4650891"]
[EventDate "2018.04.12"]

1. e4 e5 2. Nf3 Nc6 3. Bc4 Bc5 4. d3 Nf6 5. O-O d6 6. c3 h6 7. Re1 O-O 8. Nbd2
a5 9. Nf1 Ne7 10. Bb3 Ng6 11. Ng3 a4 12. Bxa4 Bg4 13. d4 exd4 14. cxd4 Bb4 15.
Re3 c5 16. d5 Ne5 17. a3 Ba5 18. Qf1 Bxf3 19. gxf3 c4 20. Bc2 Bb6 21. Qg2 Bxe3
22. Bxe3 Kh7 23. Nf5 Nh5 24. Qh3 g6 25. Kh1 Qf6 26. Bxh6 Rh8 27. Rg1 Nxf3 28.
Qxf3 Qxb2 29. Nxd6 Kxh6 30. Qxf7 Rhg8 31. Bd1 Nf6 32. f4 Ra6 33. Rxg6+ 1-0

[Event "2nd Sharjah Masters 2018"]
[Site "Sharjah UAE"]
[Date "2018.04.17"]
[Round "7.3"]
[White "Dimakiling, Oliver"]
[Black "Safarli, Eltaj"]
[Result "0-1"]
[WhiteTitle "IM"]
[BlackTitle "GM"]
[WhiteElo "2412"]
[BlackElo "2653"]
[WhiteFideId "5202248"]
[BlackFideId "13402129"]
[EventDate "2018.04.12"]

1. Nf3 Nf6 2. d4 g6 3. Bg5 Bg7 4. c3 O-O 5. Nbd2 d6 6. e4 c5 7. dxc5 dxc5 8. Qc2
Nc6 9. h3 Qc7 10. g3 h6 11. Bf4 e5 12. Be3 b6 13. g4 Bb7 14. Rg1 Ne8 15. Nc4 Rd8
16. Be2 Qe7 17. Kf1 Nc7 18. g5 h5 19. Nh4 Ne6 20. Qc1 b5 21. Na3 a6 22. f3 Qd7
23. Ng2 Nf4 24. Bxf4 exf4 25. Nxf4 Ne5 26. Nc2 f5 27. gxf6 Rxf6 28. Rg5 Rdf8 29.
Ng2 Rxf3+ 30. Kg1 Rf2 31. Rxe5 Bxe5 32. Qe3 Rxe2 33. Qxe2 Qxh3 0-1

[Event "2nd Sharjah Masters 2018"]
[Site "Sharjah UAE"]
[Date "2018.04.17"]
[Round "7.5"]
[White "Jumabayev, Rinat"]
[Black "Kryvoruchko, Yuriy"]
[Result "1/2-1/2"]
[WhiteTitle "GM"]
[BlackTitle "GM"]
[WhiteElo "2612"]
[BlackElo "2703"]
[WhiteFideId "13702661"]
[BlackFideId "14109182"]
[EventDate "2018.04.12"]

1. e4 e5 2. Nf3 Nc6 3. Bc4 Bc5 4. c3 Nf6 5. d3 d6 6. O-O O-O 7. Re1 a6 8. a4 h6
9. h3 Re8 10. Nbd2 Be6 11. Bxe6 Rxe6 12. b4 Ba7 13. Qc2 Ne7 14. Nf1 d5 15. Bd2
dxe4 16. dxe4 c5 17. b5 c4 18. Ne3 Rc8 19. Rab1 Bc5 20. Nf5 Qb6 21. Be3 Nxf5 22.
exf5 Ree8 23. bxa6 Qxa6 24. Rb5 Bxe3 25. Rxe3 e4 26. Nd4 Ra8 27. a5 Qd6 28. Re1
Re5 29. Qa4 Rxb5 30. Qxb5 Qd5 31. Ra1 Qxb5 32. Nxb5 Rd8 33. Na3 Rc8 34. Rb1 Rc5
35. Rb5 Rxb5 36. Nxb5 Nd5 37. Nd6 Nxc3 38. Nxc4 Nb5 39. Kf1 Kf8 40. Ke2 Ke7 41.
Ke3 Nd6 42. Kd4 Nxf5+ 43. Kc5 Kd7 44. g4 Ne7 45. Nd6 Kc7 46. Ne8+ Kb8 47. Nxg7
Ka7 48. Kb5 Nd5 49. Nf5 Nf4 50. Nd6 Nxh3 51. Nxe4 Nf4 52. Nd6 f6 53. Ne4 h5 54.
gxh5 Nxh5 55. f3 f5 56. Nd6 Ng3 57. Nc8+ Kb8 58. Ne7 Ka7 1/2-1/2

[Event "2nd Sharjah Masters 2018"]
[Site "Sharjah UAE"]
[Date "2018.04.17"]
[Round "7.6"]
[White "Artemiev, Vladislav"]
[Black "Iturrizaga Bonelli, Eduardo"]
[Result "1-0"]
[WhiteTitle "GM"]
[BlackTitle "GM"]
[WhiteElo "2701"]
[BlackElo "2624"]
[WhiteFideId "24101605"]
[BlackFideId "3901211"]
[EventDate "2018.04.12"]

1. d4 Nf6 2. Nf3 e6 3. Bg5 h6 4. Bh4 g5 5. Bg3 d6 6. Nbd2 Nh5 7. e4 Bg7 8. c3
Qe7 9. Ng1 Nxg3 10. hxg3 Nc6 11. Qh5 Bd7 12. O-O-O O-O-O 13. f4 f5 14. exf5 exf5
15. Bd3 Kb8 16. Ngf3 Be8 17. Qh2 Qf6 18. Qg1 Bf7 19. Qf2 Ne7 20. Nc4 Bd5 21.
Nfd2 Qf7 22. Rhe1 Rde8 23. a3 Rhf8 24. Re2 Ng6 25. Rxe8+ Qxe8 26. Re1 Qd7 27.
Ne3 Be4 28. Nxe4 fxe4 29. Bxe4 gxf4 30. Nd5 c6 31. Bxg6 fxg3 32. Qxg3 cxd5 33.
Kb1 a6 34. Bd3 Ka7 35. Ka2 Rf7 36. Bc2 Re7 37. Rxe7 Qxe7 38. Bb3 h5 39. Bxd5 h4
40. Qf3 Bh6 41. Qf5 Bc1 42. Qc2 Bg5 43. Qb3 Qc7 44. a4 Qb6 45. Qc2 a5 46. Qe2
Bd8 47. Qg4 Qc7 48. Qf5 Kb8 49. Kb1 Qe7 50. Bf3 Ka7 51. Qd5 Qd7 52. b4 axb4 53.
cxb4 Qc6 54. Qxc6 bxc6 55. Bxc6 Bf6 56. a5 Bxd4 57. Kc2 Bf2 58. Kb3 Be1 59. Ka4
Bd2 60. Bd5 Be1 61. b5 Bf2 62. b6+ Bxb6 63. axb6+ Kxb6 64. Kb4 Kc7 65. Be6 1-0

[Event "2nd Sharjah Masters 2018"]
[Site "Sharjah UAE"]
[Date "2018.04.17"]
[Round "7.8"]
[White "Inarkiev, Ernesto"]
[Black "Abdusattorov, Nodirbek"]
[Result "1-0"]
[WhiteTitle "GM"]
[BlackTitle "IM"]
[WhiteElo "2680"]
[BlackElo "2540"]
[WhiteFideId "4162722"]
[BlackFideId "14204118"]
[EventDate "2018.04.12"]

1. e4 e5 2. Nf3 Nc6 3. d4 exd4 4. Nxd4 Nf6 5. Nxc6 bxc6 6. e5 Qe7 7. Qe2 Nd5 8.
h4 d6 9. c4 Nb6 10. exd6 Qxe2+ 11. Bxe2 Bxd6 12. Nc3 Be6 13. b3 O-O-O 14. Bb2
Rhe8 15. O-O Be7 16. Bf3 Rd2 17. Nd1 Bxh4 18. Bxg7 Bf5 19. Bh6 Rd6 20. Ne3 Be4
21. Bxe4 Rxe4 22. f3 Re8 23. Nf5 Rde6 24. Nxh4 Rxh6 25. Nf5 Rf6 26. g4 Re2 27.
Rf2 Rxf2 28. Kxf2 h5 29. Ne7+ Kd8 30. g5 Re6 31. Nf5 Re5 32. Nh6 Ke8 33. f4 Re4
34. Kf3 Rd4 35. Ke3 Rd7 36. Ng8 Kf8 37. Nf6 Rd6 38. f5 Nc8 39. Ne4 Rd8 40. Rh1
Kg7 41. Ng3 h4 42. Rxh4 Rd1 43. f6+ Kg8 44. Nf5 Re1+ 45. Kd2 1-0

[Event "2nd Sharjah Masters 2018"]
[Site "Sharjah UAE"]
[Date "2018.04.17"]
[Round "7.9"]
[White "Adhiban, Baskaran"]
[Black "Amin, Bassem"]
[Result "1-0"]
[WhiteTitle "GM"]
[BlackTitle "GM"]
[WhiteElo "2661"]
[BlackElo "2700"]
[WhiteFideId "5018471"]
[BlackFideId "10601457"]
[EventDate "2018.04.12"]

1. e4 e5 2. Nf3 Nc6 3. Bb5 a6 4. Ba4 Nf6 5. O-O Be7 6. Re1 b5 7. Bb3 d6 8. c3
O-O 9. h3 Nb8 10. d4 Nbd7 11. c4 c6 12. Be3 Bb7 13. Nbd2 c5 14. d5 Nb6 15. Qc2
Bc8 16. a4 bxa4 17. Bxa4 Nxa4 18. Rxa4 Bd7 19. Ra3 Ne8 20. Rea1 Qc8 21. R1a2 h6
22. Nf1 f5 23. exf5 Bxf5 24. Qe2 g5 25. Ng3 Bg6 26. Nd2 Ng7 27. Nde4 Kh7 28. Bd2
Qb7 29. Qe1 Qc8 30. Kh2 Rf7 31. b4 cxb4 32. Bxb4 Qxc4 33. Bxd6 Bd8 34. Rd2 Nf5
35. Bxe5 Nxg3 36. Nxg3 Qb4 37. Qc1 Bb6 38. Rf3 Rxf3 39. gxf3 Rf8 40. Rb2 Qc5 41.
Qxc5 Bxc5 42. Kg2 Rf7 43. Rb8 Bd3 44. Rh8+ Kg6 45. Rg8+ Kh7 46. Rh8+ Kg6 47. Rc8
Bf8 48. Rc6+ Kh7 49. Nh5 Be2 50. Nf6+ Kg6 51. d6 Bb5 52. d7 Rxd7 53. Nxd7+ Bxc6
54. Nxf8+ Kf5 55. Bc3 1-0

[Event "2nd Sharjah Masters 2018"]
[Site "Sharjah UAE"]
[Date "2018.04.17"]
[Round "7.10"]
[White "Haddouche, Mohamed"]
[Black "Grandelius, Nils"]
[Result "0-1"]
[WhiteTitle "GM"]
[BlackTitle "GM"]
[WhiteElo "2506"]
[BlackElo "2652"]
[WhiteFideId "7900660"]
[BlackFideId "1710400"]
[EventDate "2018.04.12"]

1. e4 c5 2. Nf3 d6 3. d4 cxd4 4. Qxd4 Nf6 5. Nc3 Nc6 6. Bb5 Nd7 7. Qa4 Nb6 8.
Qb3 e6 9. Be3 Be7 10. a4 O-O 11. O-O Nd7 12. Rfd1 a6 13. Be2 b6 14. Bf4 Qc7 15.
Qc4 Bb7 16. Rd2 b5 17. Qd3 b4 18. Na2 Nc5 19. Qc4 Na5 20. Qxb4 Nxe4 21. Rdd1
Rab8 22. Qe1 e5 23. Be3 Nc4 24. Bc1 d5 25. Nc3 Bc5 26. Nxe4 dxe4 27. Ng5 e3 28.
f3 h6 29. Nh3 Bc8 30. Kh1 Nxb2 31. Bxb2 Rxb2 32. Qc3 Rb7 33. Ng1 Bd4 34. Qxc7
Rxc7 35. Rac1 Bb2 36. Rb1 Rxc2 37. Rd6 Bd4 38. Bd3 Rd2 39. Bc4 Bf5 40. Re1 a5
41. Ne2 Rc8 42. Bb5 Bc3 43. Ra6 Bb4 44. g4 Bd3 45. Ng3 Rf2 0-1

[Event "2nd Sharjah Masters 2018"]
[Site "Sharjah UAE"]
[Date "2018.04.17"]
[Round "7.11"]
[White "Vignesh, N R"]
[Black "Rakhmanov, Aleksandr"]
[Result "1/2-1/2"]
[WhiteTitle "IM"]
[BlackTitle "GM"]
[WhiteElo "2475"]
[BlackElo "2652"]
[WhiteFideId "25012215"]
[BlackFideId "4173708"]
[EventDate "2018.04.12"]

1. e4 e6 2. d4 d5 3. Nd2 dxe4 4. Nxe4 Bd7 5. Nf3 Bc6 6. Bd3 Nd7 7. O-O Ngf6 8.
Ng3 g6 9. Re1 Bg7 10. c3 O-O 11. Bf4 b6 12. Qe2 a5 13. Rad1 a4 14. a3 Ra5 15. c4
Qc8 16. Bd2 Ra8 17. Ne5 Bb7 18. Ne4 Nxe4 19. Bxe4 c5 20. Nxd7 Qxd7 21. dxc5 Bxe4
22. Qxe4 bxc5 23. Bc3 Qc7 24. Bxg7 Kxg7 25. Rd2 Rad8 26. Red1 Rxd2 27. Rxd2 Rb8
28. g3 h5 29. h4 Rb3 30. Kg2 Qb7 31. Qxb7 Rxb7 32. Rd8 Rxb2 33. Rc8 Rb3 34. Rxc5
Rxa3 35. Rc7 Kf8 36. c5 Ke8 37. c6 f5 38. Rg7 Kd8 39. Rxg6 Ke7 40. Rh6 Rc3 41.
Rxh5 Rxc6 42. Rh7+ Kf6 43. Ra7 Rc4 44. Ra6 Re4 45. Kf3 Rb4 1/2-1/2

[Event "2nd Sharjah Masters 2018"]
[Site "Sharjah UAE"]
[Date "2018.04.17"]
[Round "7.12"]
[White "Kovalev, Vladislav"]
[Black "Yakubboev, Nodirbek"]
[Result "1-0"]
[WhiteTitle "GM"]
[BlackTitle "IM"]
[WhiteElo "2648"]
[BlackElo "2482"]
[WhiteFideId "13504398"]
[BlackFideId "14203987"]
[EventDate "2018.04.12"]

1. e4 e5 2. Nf3 Nc6 3. Bb5 Nf6 4. d3 Bc5 5. c3 d5 6. Nxe5 O-O 7. Bxc6 bxc6 8. d4
Bb6 9. O-O Nxe4 10. Nd2 c5 11. Nxe4 dxe4 12. dxc5 Bxc5 13. Be3 Bb6 14. Qa4 Qd5
15. Nc6 Qe6 16. Rad1 Bb7 17. Nd4 Qe5 18. Ne2 Rad8 19. Rxd8 Rxd8 20. Rd1 Qe7 21.
Rxd8+ Qxd8 22. h3 g6 23. c4 c5 24. Nc3 f5 25. Qb5 a6 26. Qb3 Bc6 27. Qa3 a5 28.
Qb3 Kf7 29. Nd5 Ba7 30. g3 Ke6 31. Nf4+ Kf7 32. h4 a4 33. Qc3 Bb8 34. Qg7+ Kxg7
35. Ne6+ Kf6 36. Nxd8 Be8 37. Bg5+ Kg7 38. Ne6+ Kf7 39. Nxc5 Bd6 40. Be3 Bc6 41.
b3 axb3 42. axb3 h6 43. Na4 Bf8 44. Kf1 Kf6 45. Bd4+ Kf7 46. Be3 Kf6 47. Nc3 g5
48. hxg5+ hxg5 49. Bd4+ Ke6 50. c5 f4 51. b4 e3 52. fxe3 fxe3 53. Ke2 g4 54.
Kxe3 Bh6+ 55. Kd3 Bg2 56. b5 Bf1+ 57. Kc2 Bf8 58. Kb3 Be7 59. Kb4 Bd8 60. c6 Bc7
61. Bf2 Be5 62. Na4 Kd5 63. Nb6+ 1-0

[Event "2nd Sharjah Masters 2018"]
[Site "Sharjah UAE"]
[Date "2018.04.17"]
[Round "7.13"]
[White "Sadhwani, Raunak"]
[Black "Mareco, Sandro"]
[Result "0-1"]
[WhiteTitle "FM"]
[BlackTitle "GM"]
[WhiteElo "2358"]
[BlackElo "2645"]
[WhiteFideId "35093487"]
[BlackFideId "112275"]
[EventDate "2018.04.12"]

1. e4 c5 2. Nf3 d6 3. d4 cxd4 4. Nxd4 Nf6 5. Nc3 a6 6. Be2 e5 7. Nf3 Nbd7 8. a4
Be7 9. Be3 Ng4 10. Bc1 Ngf6 11. Be3 Qc7 12. Nd2 Nc5 13. b4 Ncd7 14. Nc4 b6 15.
Qd3 Bb7 16. f3 d5 17. Nxd5 Nxd5 18. exd5 Bxb4+ 19. c3 Bc5 20. Rb1 O-O 21. O-O b5
22. axb5 axb5 23. Nd2 Ra3 24. Ne4 Bxe3+ 25. Qxe3 Bxd5 26. Bxb5 Bxe4 27. Qxe4
Qc5+ 28. Kh1 Nf6 29. Qe2 Rxc3 30. Rfe1 e4 31. fxe4 h5 32. e5 Ng4 33. h3 Re3 34.
Qd2 Nf2+ 35. Kh2 Qxe5+ 36. Kg1 Nxh3+ 37. Kh1 Rxe1+ 38. Qxe1 Qxe1+ 39. Rxe1 Nf2+
40. Kh2 Ng4+ 41. Kg3 g6 42. Re7 Nh6 43. Rc7 Kg7 44. Bc4 Re8 45. Kf4 Rd8 46. Ke4
Kf6 47. Kf4 Rd4+ 48. Kf3 Kg5 49. g3 f5 50. Be2 Ng4 0-1

[Event "2nd Sharjah Masters 2018"]
[Site "Sharjah UAE"]
[Date "2018.04.17"]
[Round "7.14"]
[White "Soumya, Swaminathan"]
[Black "Adly, Ahmed"]
[Result "0-1"]
[WhiteTitle "WGM"]
[BlackTitle "GM"]
[WhiteElo "2354"]
[BlackElo "2626"]
[WhiteFideId "5016193"]
[BlackFideId "10601619"]
[EventDate "2018.04.12"]

1. e4 c5 2. Nf3 d6 3. d4 cxd4 4. Nxd4 Nf6 5. Nc3 a6 6. g3 e5 7. Nde2 Be7 8. Bg2
h5 9. h3 Be6 10. a4 Qc8 11. Bg5 O-O 12. Qd2 Rd8 13. Nd5 Bxd5 14. exd5 Qf5 15.
Be3 Nbd7 16. O-O Rac8 17. Rac1 e4 18. c4 Ne5 19. Nd4 Qg6 20. Qe2 Re8 21. b3 Bd8
22. Rcd1 Ba5 23. Bf4 Bb6 24. Kh2 Bc5 25. Bxe5 Rxe5 26. Qe3 Rce8 27. Rfe1 Nh7 28.
Qf4 Ng5 29. Qd2 a5 30. Qf4 Bxd4 31. Rxd4 Rf5 32. Qe3 Ree5 33. Qd2 Qf6 34. Kg1 h4
35. g4 Rf3 36. Re3 b6 37. Bxf3 Nxf3+ 38. Rxf3 exf3 39. Rf4 Qg5 40. Qd4 Re1+ 41.
Kh2 Rf1 42. Rxf3 Qc1 43. Rd3 Rh1+ 44. Kg2 Qf1+ 45. Kf3 Rxh3+ 46. Ke4 Qxd3+ 47.
Qxd3 Rxd3 48. Kxd3 h3 49. Kd4 0-1